00326nam a2200133Ia 4500008004100000041000800041082001500049100002200064245002500086250001400111260003100125300003100156365000500187240624s9999 xx 000 0 und d aeng a300.72 COC aCOCHRAN WILLIAM G aEXPERIMENTAL DESIGNS a(2nd ed.) c2003aNew YorkbJohn Wiley axiv, : 611 : p. : cm. ; 26 c